Live by the Spirit: (Record no. 12630)

000 -LEADER
fixed length control field 00581nam a2200181 a 4500
001 - CONTROL NUMBER
control field :::00010439$&:&@@
003 - CONTROL NUMBER IDENTIFIER
control field OkBaRHE
005 - DATE AND TIME OF LATEST TRANSACTION
control field 20000607103359.0
008 - FIXED-LENGTH DATA ELEMENTS--GENERAL INFORMATION
fixed length control field s1979 j 000 0 eng u
040 ## - CATALOGING SOURCE
Transcribing agency
100 1# - MAIN ENTRY--PERSONAL NAME
Personal name Harper, Michael Claude, 1931-
245 10 - TITLE STATEMENT
Title Live by the Spirit:
Remainder of title how to grow in your relationship with God.
260 ## - PUBLICATION, DISTRIBUTION, ETC. (IMPRINT)
Place of publication, distribution, etc Ann Arbor, MI., :
Name of publisher, distributor, etc Servant Books
Date of publication, distribution, etc c1979
300 ## - PHYSICAL DESCRIPTION
Extent 153 p. ;
Dimensions 18 cm.
650 ## - SUBJECT ADDED ENTRY--TOPICAL TERM
Topical term or geographic name as entry element Christian Life
942 ## - ADDED ENTRY ELEMENTS (KOHA)
Source of classification or shelving scheme
Koha item type Books
Copies
Date acquired Lost status Permanent Location Shelving location Full call number Damaged status Source of classification or shelving scheme Price effective from Date last seen Barcode Withdrawn status Copy number Not for loan Koha item type
2010-04-14 RHEMA Bible Training CollegeGeneral StacksBV 4501 .H36  2010-04-142010-04-1410439 1 Books